000 00436nam a2200145Ia 4500
003 OSt
005 20260130151257.0
008 211028s2018 xx 000 0 und d
040 _cAIMIT LIBRARY
041 _aeng
100 _aPinto, Vanessa Ann; Harinakshi.
_g1616210
_97962
245 _aStudy on the performance feedback system across various age groups in KPMG Oman /
260 _aMangalore
_bHarinakshi.
_c2018
942 _2ddc
_cPRO
999 _c219530
_d219530